000 00694nas a2200241 4500
001 BR9508512
003 BR-BrBNA
005 20231205094524.0
007 ta
008 230509b bl.|||p| |||| 00| 00por d
040 _aBR-BrBNA
_bpor
_cBiblioteca Nacional de Agricultura
041 _a(Pt)
072 _aE21; F01
100 1 _aViglio, E.C.B.
245 1 _aMandioca. Parque industrial de fecula de expande
650 _aMandioca
650 _aFecula
650 _aPrevisao de Safra
650 _aIndustria Alimenticia
773 0 _tAgroanalysis (Brazil)
_xISSN 0100-4298
_g(Dec 1994), v. 14(4) p. 50-51
_wBR9508512
909 _a202311
_bLúcia
_c55
_dLúcia Elande
942 _2AGRIS
_n0
_cANA
999 _c144946
_d144946